| 000 | 01199nam a2200313Ia 4500 | ||
|---|---|---|---|
| 001 | ebr10342892 | ||
| 003 | CaPaEBR | ||
| 006 | m u | ||
| 007 | cr cn||||||||| | ||
| 008 | 090304s2009 nju sb 001 0 eng d | ||
| 010 | _z 2009008870 | ||
| 020 | _z9780470409084 | ||
| 040 |
_aCaPaEBR _cCaPaEBR |
||
| 035 | _a(OCoLC)495092210 | ||
| 050 | 1 | 4 |
_aQA76.76.D47 _bU39 2009eb |
| 245 | 0 | 0 |
_aUML 2 semantics and applications _h[electronic resource] / _cedited by Kevin Lano. |
| 260 |
_aHoboken, NJ : _bJohn Wiley & Sons, _c2009. |
||
| 300 | _axv, 400 p. | ||
| 504 | _aIncludes bibliographical references and index. | ||
| 533 |
_aElectronic reproduction. _bPalo Alto, Calif. : _cebrary, _d2010. _nAvailable via World Wide Web. _nAccess may be limited to ebrary affiliated libraries. |
||
| 650 | 0 |
_aComputer software _xDevelopment. |
|
| 650 | 0 |
_aApplication software _xDevelopment. |
|
| 650 | 0 | _aUML (Computer science) | |
| 650 | 0 |
_aFormal languages _xSemantics. |
|
| 655 | 7 |
_aElectronic books. _2local |
|
| 700 | 1 | _aLano, K. | |
| 710 | 2 | _aebrary, Inc. | |
| 856 | 4 | 0 |
_uhttp://site.ebrary.com/lib/rucke/Doc?id=10342892 _zAn electronic book accessible through the World Wide Web; click to view |
| 999 |
_c49243 _d49243 |
||